| 000 | 01132cam a22003257a 4500 | ||
|---|---|---|---|
| 999 |
_c17868 _d17840 |
||
| 003 | EG-ScBUE | ||
| 005 | 20201125063834.0 | ||
| 008 | 131218s2001 enka f 000 0 eng d | ||
| 020 | _a0333757602 | ||
| 020 | _a9780333757604 | ||
| 040 |
_aEG-ScBUE _beng _erda _cEG-ScBUE _dEG-ScBUE |
||
| 082 | 0 | 4 |
_a428.24 _bKAY _222 |
| 100 | 1 |
_aKay, Sue, _eauthor. _913788 |
|
| 245 | 1 | 0 |
_aInside out : _bstudent's book / _cSue Kay [and three others] |
| 246 | 3 | 4 |
_aInside out : _bstudent's book : upper intermediate |
| 264 | 1 |
_aOxford : _bMacmillan Education, _c2001. |
|
| 300 |
_a159 pages : _billustrations ; _c30 cm |
||
| 336 |
_2rdacontent _atext _btxt |
||
| 337 |
_2rdamedia _aunmediated _bn |
||
| 338 |
_2rdacarrier _avolume _bnc |
||
| 521 | _aFor upper intermediate students. | ||
| 590 | _ashefaa ibrahem | ||
| 650 | 0 |
_99255 _aEnglish language _xStudy and teaching _xForeign speakers. _2BUEsh |
|
| 653 |
_bHHUUEENN _cDecember2013 _cJuly2019 |
||
| 655 |
_vReading book _934232 |
||
| 700 | 1 |
_aJones, Vaughan _eauthor. _913788 |
|
| 700 | 1 |
_aHird, Jon, _eauthor. _934681 |
|
| 700 | 1 |
_aKerr, Philip _eauthor. _913786 |
|
| 942 |
_2ddc _cBB _k428.24076 INS |
||